000 00657nam a2200229Ia 4500
003 OSt
005 20221006165135.0
006 a|||||r|||| 00| 0
007 ta
008 221006b |||||||| |||| 00| 0 eng d
024 _a329
037 _cTextual
040 _aFML
_cFML
_beng
041 _2eng
_aeng
082 _aNR44, 32, P0
100 _aClayton Martin Au.
245 0 _aTime In Indian Music
_b Rhythm, Meter And Form In North Indian Raag Performance
260 _aLondon
_bOxford University Press
_c2000
300 _a230
_ccm.
942 _hNR44, 32, P0
_cTEXL
_2CC
999 _c1119756
_d1119756